000
00203nam a22000857a 4500
008
170201b xxu||||| |||| 00| 0 eng d
100
_9
2721
_a
Lew.K.
245
_a
Life Science-2
260
_a
U.S.A.
_b
Carson
_c
2009
999
_c
5886
_d
5886